000 00719nam a2200193Ii 4500
003 JO-AjNU
008 230605s9999||||xx |||||||||||||| ||und||
040 _aJO-AjNU
_bara
_erda
_cJO-AjNU
041 _aara
050 1 4 _aBP169.C4
100 3 _aشاتيله،لو ، ترجمة: محب الدين الخطيب، مساعد اليافي,
_eauthor
_920490
245 0 0 _aالغارة على العالم الإسلامي= La Conquete du Monde Musulman
264 3 1 _aبيروت: مكتبة اسامة بن زيد، د.ت
300 _a93ص
336 _atext
_btxt
_2rdacontent
337 _aunmediated
_bn
_2rdamedia
338 _avolume
_bnc
_2rdacarrier
650 4 _aالعالم الاسلامي- الحروب
_920491
999 _aA6953
_c10521
_d10521